Largest Landlocked Cities - Statistics

General Stats
  • This quiz has been taken 270 times
  • The average score is 11 of 20
Answer Stats
Hint Answer % Correct
16.2 mil Moscow
82%
20.1 mil Mexico City
80%
25.0 mil Delhi
78%
21.0 mil Beijing
77%
10.9 mil Paris
77%
9.2 mil Chicago
67%
8.4 mil Johannesburg
61%
13.5 mil Tehran
61%
15.6 mil Cairo
60%
11.6 mil Kinshasa
52%
9.0 mil Bogota
49%
10.1 mil Lahore
48%
20.4 mil Sao Paulo
47%
9.7 mil Bangalore
44%
7.5 mil Wuhan
42%
15.7 mil Dhaka
41%
10.4 mil Chengdu
39%
14.7 mil Kolkata
38%
8.8 mil Hyderabad
37%
7.3 mil Hangzhou
11%
No matching quizzes found
Score Distribution
Percent of People with Each Score
Percentile by Number Answered
Your Score History
You have not taken this quiz